MARC

LEADER 00000nas a2200000 a 4500
001 ssj0000496988
003 WaSeSS
005 20200512172242.0
006 m d
007 cr n
008 091007c20089999bl fr ss 0 0por c
010 |a  2011264096 
022 |a 1982-8985  |l 1982-8985 
035 |a (WaSeSS)ssj0000496988 
040 |a QE2  |b eng  |c QE2  |d UAB  |d OCLCQ  |d UPM  |d CUS  |d OCLCQ  |d OCLCF  |d OCLCO  |d OCLCQ  |d OCLCA  |d AU@  |d WaSeSS 
041 0 |a por  |a eng  |a spa 
042 |a pcc 
043 |a s-bl--- 
050 1 4 |a GV571  |b .R436 
245 0 0 |a Recorde, revista de história do esporte  |h [electronic resource]. 
246 1 |a Recorde 
260 |a Rio de Janeiro, Brasil. :  |b Programa de Pōs-Gradução em História Comparada, Universidade Federal do Rio de Janeiro 
310 |a Semiannual 
362 1 |a Began with vol. 1, no. 1 (junho de 2008). 
506 |a License restrictions may limit access. 
538 |a Mode of access: World Wide Web. 
546 |a Chiefly in Portuguese; some English, Spanish; abstracts in English and Portuguese. 
588 |a Description based on: Vol. 1, num. 1 (junho 2008); title from cover. 
588 |a Latest issue consulted: Vol. 4, no. 1 (junho de 2011). 
650 0 |a Sports  |x History  |v Periodicals. 
650 0 |a Sports  |z Brazil  |x History  |v Periodicals. 
650 0 |a Soccer  |x History  |v Periodicals. 
650 7 |a Soccer.  |2 fast  |0 (OCoLC)fst01122119 
650 7 |a Sports.  |2 fast  |0 (OCoLC)fst01130432 
651 7 |a Brazil.  |2 fast  |0 (OCoLC)fst01206830 
655 0 |a Electronic journals. 
710 2 |a Universidade Federal do Rio de Janeiro.  |b Programa de Pós-Graduação em História Comparada. 
710 2 |a Universidade Federal do Rio de Janeiro.  |b "Sport," Laboratório de História do Esporte e do Lazer. 
856 4 0 |z Full text available from Research Library: 06/01/2008 to present  |u https://search.proquest.com/publication/51649 
856 4 0 |z Full text available from PRISMA Database with HAPI Index: 06/01/2008 to 12/31/2013  |u https://search.proquest.com/publication/54493 
856 4 0 |z Full text available from PRISMA Database with HAPI Index: 01/01/2015 to 07/31/2016  |u https://search.proquest.com/publication/54493